Actuarial statistics with R (Registro nro. 310507)

Detalles MARC
000 -ENCABEZADO
Número de control [NR] 02453cam a2200289Mi 4500
001 - NÚMERO DE CONTROL
control field on1051132799
005 - FECHA Y HORA DE LA ÚLTIMA TRANSACCIÓN
control field 20180928082207.0
008 - DE LONGITUD FIJA DE DATOS DE ELEMENTOS - INFORMACIÓN GENERAL
Elementos de longitud fija [NR] 180928s2018 ctuad b 001 0 eng d
020 ## - NUMERO INTERNACIONAL NORMALIZADO PARA LIBROS [R]
Número Internacional Normalizado del libro [NR] 9781635885484
020 ## - NUMERO INTERNACIONAL NORMALIZADO PARA LIBROS [R]
Número Internacional Normalizado del libro [NR] 1635885485
035 ## - NUMERO DE CONTROL DEL SISTEMA [R]
Número de control del sistema [NR] (OCoLC)1051132799
040 ## - FUENTE DE CATALOGACION [NR]
Agencia de catalogación original [NR] Co-BoUCM
Idioma de catalogación [NR] spa
Quien Cataloga Saul Niño
Quien Clasifica Saul Niño
041 0# - CODIGO DE IDIOMA [R]
Código de idioma para texto/pista de sonido o título separado [R] Español
100 1# - ASIENTO PRINCIPAL--NOMBRE PERSONAL [NR]
Nombre personal [NR] Gan, Guojun
Fechas asociadas con el nombre [NR] 1979-
ID Autoridad 93787
245 10 - MENCION DE TITULO [NR]
Título [NR] Actuarial statistics with R
Parte restante del título [NR] theory and case studies
Mención de responsabilidad, etc. [NR] Guojun Gan, PhD, FSA, Emiliano A. Valdez, PhD, FSA
260 ## - PUBLICACION, DISTRIBUCION, ETC. (PIE DE IMPRENTA) [R]
Lugar de publicación, distribución, etc. [R] New Hartford
Nombre del editor, distribuidor, etc. [R] Actex Learning
Fecha de publicación, distribución, etc. [R] 2018
300 ## - DESCRIPCION FISICA [R]
Extensión [R] xxi, 374 páginas
Otros detalles físicos [NR] ilustraciones
505 0# - NOTA DE CONTENIDO CON FORMATO PREESTABLECIDO [R]
Nota de contenido con formato preestablecido [NR] I. Supervised learning -- 1. Simple linear regression -- 2. Case study: implementing the CAPM -- 3. Multiple linear regression models -- 4. Case study: predicting intraday movements -- 5. Case study: estimating fair market values -- 6. Generalized linear models -- 7. Case study: predicting demand -- 8. Case study: modeling the number of auto claims -- 9. Case study: modeling the loss severity -- 10. Decision trees -- 11. Case study: decision trees -- II. Unsupervised learning -- 12. Data clustering -- 13. Case study: clustering variable annuity policies -- 14. Principal component analysis -- 15. Case study: PCA on interest rate swaps -- III. Time series models -- 16. Time series models -- 17. Case study: forecasting exchange rates -- IV. Simulation -- 18. Case study: profitability analysis -- 19. Case study: simulating the future lifetime -- Appendix: introduction to R.
520 ## - NOTA DE RESUMEN, ETC. [R]
Nota de sumario, etc. [NR] "This book covers several topics on data analysis and statistical learning prescribed by the International Actuarial Association (IAA). In particular, it has been designed to cover the learning objectives for the SOA's statistics for Risk Modeling (SRMI) Exam. Many materials from this book also cover parts of the syllabus for the CAS Modern Actuarial Statistics (MAS-I and MAS-II) Exam. It is broadly intented for students and practitioners to learn R programming and its applications in actuarial science, finance, and quantitative risk management."--Page 4 de la couverture.
546 ## - NOTA DE IDIOMA [R]
Nota de idioma [NR] Texto en inglés
650 #7 - ASIENTO SECUNDARIO DE MATERIA - TERMINO TEMATICO [R]
Término temático o nombre geográfico como elemento de entrada [NR] Seguros de vida
Subdivisión de forma [R] Matemáticas
9 (RLIN) 24152
650 #0 - ASIENTO SECUNDARIO DE MATERIA - TERMINO TEMATICO [R]
Término temático o nombre geográfico como elemento de entrada [NR] Matemáticas en seguros de vida
Subdivisión de forma [R] Libros de texto
9 (RLIN) 87565
650 #7 - ASIENTO SECUNDARIO DE MATERIA - TERMINO TEMATICO [R]
Término temático o nombre geográfico como elemento de entrada [NR] R (Lenguaje de programación para computadores)
9 (RLIN) 8009
700 1# - ASIENTO SECUNDARIO - NOMBRE PERSONAL [R]
Nombre personal [NR] Valdez, Emilio A.
9 (RLIN) 93788
942 ## - ELEMENTOS DE ENTRADA AGREGADOS (KOHA)
Sistema de clasificación DEWEY
Tema principal Economía
Tipo de ítem principal el descrito en 300a Libro
Edición 1
Clasificación 519.5
Parte restante de la signatura top. G195t
Existencias
Signatura topográfica Código de barras Última vez visto Ejemplar Costo de reposición Price effective from Tipo de ítem Perdido Sistema de clasificación Dañado No prestable Tipo de ítem específico Suprimido Ubicación habitual Ubicación actual Localización Fecha de creación Proveedor Forma de adquisición Costo Fecha de último préstamo Total préstamos Total Renewals
519.5 G195t 100158055 04/12/2025 Ej.1 389961.00 17/09/2018 Libro   DEWEY     Libro   Claustro Claustro 4to piso 17/09/2018 19 Compra 389961.00      
519.5 G195t 100158056 04/12/2025 Ej.2 389961.00 17/09/2018 Libro   DEWEY     Libro   Claustro Claustro 4to piso 17/09/2018 19 Compra 389961.00      
519.5 G195t 100158057 04/12/2025 Ej.3 389961.00 17/09/2018 Libro   DEWEY     Libro   Claustro Claustro 4to piso 17/09/2018 19 Compra 389961.00 14/09/2023 1 2